| 000 | 00747nam a22002297a 4500 | ||
|---|---|---|---|
| 999 |
_c8407 _d8407 |
||
| 003 | AR-CdUCM | ||
| 008 | 190325b ||||| |||| 00| 0 por d | ||
| 020 | _a9788590774112 | ||
| 040 |
_aMUNICIPALIDAD PROVINCIAL DEL CUSCO _cBIBLIOTECA MUNICIPAL DEL CUSCO |
||
| 082 |
_a869.9 / _bC85L |
||
| 100 |
_aCouto Ozório, José Araújo do _923596 |
||
| 245 | _aLyra Aterradense / | ||
| 260 |
_aBrasil : _bBelo Horizonte, _c2014. |
||
| 300 |
_a277 páginas ; _bilustraciones, dibujos ; _c27 cm. |
||
| 500 | _aContiene dedicatoria del autor. | ||
| 650 |
_aLiteratura - Brasil _923597 |
||
| 650 |
_aPoesía brasilera _916936 |
||
| 650 |
_aPoetas brasileros _923598 |
||
| 650 |
_aPoesía en portugües _918121 |
||
| 942 |
_2ddc _cLIBROS |
||
| 945 | _alccs | ||